Southville International School and Colleges
Your cart is empty.
  • Cart
  • Lists
    Public lists Eva Luna New books Lux_list list_1
    Your lists Log in to create your own lists
  • Log in to your account
  • Your cookies
  • Search history
Southville International School and Colleges
  • Advanced search
  • Recent comments
  • Most popular
  • Libraries

Log in to your account

Log in with GOOGLE


If you do not have an external account, but do have a local account, you can still log in:

  1. Home
  2. MARC view: Class Two at the zoo /
Normal view MARC view ISBD view

Class Two at the zoo / (Record no. 114751)

[ view plain ]
MARC details
000 -LEADER
fixed length control field 00716nam a2200181 a 4500
005 - DATE AND TIME OF LATEST TRANSACTION
control field 20140414132111.0
008 - FIXED-LENGTH DATA ELEMENTS--GENERAL INFORMATION
fixed length control field 110513s19uu xx 00 eng d
020 ## - INTERNATIONAL STANDARD BOOK NUMBER
International Standard Book Number 9780822571322
050 ## - LIBRARY OF CONGRESS CALL NUMBER
Classification number TR
Item number C57 2007
100 ## - MAIN ENTRY--PERSONAL NAME
Personal name Jarman, Julia.
245 ## - TITLE STATEMENT
Title Class Two at the zoo /
Statement of responsibility, etc by Julia Jarman ; illustrations by Lynne Chapman.
260 ## - PUBLICATION, DISTRIBUTION, ETC. (IMPRINT)
Place of publication, distribution, etc New York :
Name of publisher, distributor, etc Scholastic ,
Date of publication, distribution, etc 2007.
520 ## - SUMMARY, ETC.
Summary, etc While the students and teachers of Class Two are absorbed in looking at various zoo animals, a sneaky anaconda gobbles them up, until Molly sees what is happening and saves the day.
650 ## - SUBJECT ADDED ENTRY--TOPICAL TERM
Topical term or geographic name as entry element Zoos
General subdivision Juvenile fiction.
650 ## - SUBJECT ADDED ENTRY--TOPICAL TERM
Topical term or geographic name as entry element School field trips
General subdivision Juvenile fiction.
650 ## - SUBJECT ADDED ENTRY--TOPICAL TERM
Topical term or geographic name as entry element Humorous stories.
Holdings
Withdrawn status Lost status Damaged status Use restrictions Home library Current library Shelving location Date acquired Source of acquisition Cost, normal purchase price Total Checkouts Full call number Barcode Date last seen Price effective from Koha item type
        Munich Library Munich Library Teachers Reference Section 05/13/2011   135.00   TR C57 2007 M6645 04/14/2014 04/14/2014 Books

Class Two at the zoo /

APA

Jarman J., . (2007). Class Two at the zoo. New York: Scholastic.

Chicago

Jarman Julia, . 2007. Class Two at the zoo. New York: Scholastic.

Harvard

Jarman J., . (2007). Class Two at the zoo. New York: Scholastic.

MLA

Jarman Julia, . Class Two at the zoo. New York: Scholastic. 2007.

  • Place hold
  • Print
  • Cite
  • Add to your cart (remove)
  • Save record
    BIBTEX Dublin Core MARCXML MARC (non-Unicode/MARC-8) MARC (Unicode/UTF-8) MARC (Unicode/UTF-8, Standard) MODS (XML) RIS
  • More searches
    Search for this title in:
    Other Libraries (WorldCat) Other Databases (Google Scholar) Online Stores (Bookfinder.com) Open Library (openlibrary.org)

Exporting to Dublin Core...

SOUTHVILLE LIBRARY

Southville International School and Colleges Library

1281 Tropical Ave. Cor. Luxembourg St., BF Homes International, Las Pinas City

Tel. No. 8256374 / 252358 Loc. 117/146

Powered by Koha